| 000 | 00712nam a2200217Ia 4500 | ||
|---|---|---|---|
| 008 | 140626s9999 xx 000 0 und d | ||
| 100 | _aChang, Ae Kyung. | ||
| 245 |
_aSedentary behavior, physical activity, and psychological health of Korean older adults with hypertension: effect of an empowerment intervention / _cAe Kyung Chang ... [et al.]. |
||
| 260 | _cc2013. | ||
| 300 | _a6 : 1, page 81 | ||
| 440 | _aResearch in Gerontological Nursing | ||
| 521 | _aNUR | ||
| 650 | _aHypertension. | ||
| 650 | _aIntervention/treatment. | ||
| 650 | _aKorean. | ||
| 650 | _aOlder adults. | ||
| 650 | _aPhysical activity. | ||
| 650 | _aPsychological health. | ||
| 650 | _aSedentary behavior. | ||
| 942 | _cSE | ||
| 999 |
_c121455 _d121455 |
||